000 04554nab a2200289 i 4500
003 BR-BrBNA
005 20240126144111.0
008 231110b2020 bl.qr|pooa||| 00| 0 eng |
040 _aBR-BrBNA
_beng
072 _aF63
_b1190
100 _aMuniz, João Paulo de Oliveira
100 _aBomfim, Isac Gabriel Abrahão
100 _aCorrêa, Márcio Cleber de Medeiros
100 _aFreitas, Breno Magalhães
245 _aComplementary bee pollination maximizes yield and fruit quality in two species of self-pollinating pitaya
500 _aPublicação on-line; 33 ref; 3 tables; Summaries (En, Pt)
520 _a ABSTRACT - Large-scale commercial production of pitaya is recent and there is little information on pollination and fruiting in this crop. Therefore, the objective of the present study was to investigate if the Africanized honeybee (Apis mellifera),frequent visitor of pitaya flowers (Hylocereus undatus and H. polyrhizus), plays any relevant role in the pollination of these cacti species, both in terms of fruit quantity and fruit quality. The study consisted of four treatments: natural pollination; restricted pollination; nocturnal pollination and pollination by A. mellifera, and all fruits were harvested and analyzed at 30 days after setting. Each treatment was evaluated in the number of fruits produced, total weight of the fruit; skin weight; pulp weight; longitudinal and transverse size; number of seeds; pH; acidity; total soluble solids (TSS); and TSS/total acidity ratio. Results showed that these pitaya species differ in their dependence on biotic pollination for the production, weight and quality of fruits. H. undatus did not depend on bees to set fruits but needed the moth Agrius cingulata to improve yield quality with larger and heavier fruits. On the other hand, H. polyrhizus depended on biotic pollination to maximize fruit production and Apis mellifera specifically to increase size and weight of fruits. In addition, the tested types of pollination influenced little the physicalchemical characteristics of fruits, being only relevant in the reduction of the pH in flowers pollinated by A. mellifera. Key words: Apis mellifera. Hylocereus polyrhizus. Hylocereus undatus. Pollinator. Semi-arid region
520 _a RESUMO - A produção comercial em grande escala de pitaia é recente e há pouca informação sobre polinização e frutificação nesta cultura. Portanto, o presente estudo teve por objetivo investigar se a abelha africanizada (Apis mellifera), visitante frequente das flores de pitaia (Hylocereus undatus e H. polyrhizus), desempenha algum papel relevante na polinização dessas espécies de cactáceas, tanto no que se refere à quantidade dos frutos, como em suas qualidades. O estudo constou de quatro tratamentos; polinização natural; polinização restrita; polinização noturna e polinização por A. mellifera, e todos os frutos foram colhidos e analisados 30 dias após o vingamento inicial. Cada tratamento foi avaliado no número de frutos produzidos, peso total do fruto; peso da casca; peso da polpa; tamanho longitudinal e transversal; número de sementes; pH; acidez; sólidos solúveis totais (SST); e relação SST/acidez total. Os resultados mostraram que essas espécies de pitaia diferem na sua dependência de polinização biótica para a produção, peso e qualidade dos frutos. Hylocereus undatus não dependeu de abelhas para vingar frutos, mas precisou da mariposa Agrius cingulata para melhorar a qualidade da produção com frutos maiores e mais pesados. Já H. polyrhizus dependeu da polinização biótica para maximizar a produção de frutos e de A. mellifera, especificamente, para aumentar o tamanho e peso dos frutos. Além disso, o tipo de polinização influenciou pouco as características físico-químicas dos frutos, sendo relevante apenas na redução do pH em flores polinizadas por A. mellifera. Palavras-chave: Apis mellifera. Hylocereus polyrhizus. Hylocereus undatus. Polinizador. Região semiárida
650 _aFRUTA TROPICAL
650 _aPOLINIZAÇÃO
650 _aFRUTIFICAÇÃO
650 _aABELHA AFRICANA
773 0 _04290
_925562
_dFortaleza-CE Universidade Federal do Ceará. Centro de Ciências Agrárias 2002
_o2023-436128
_tRevista Ciência Agronômica (Brazil)
_x0045-6888; 1806-6690 (on-line)
_gv. 51(4) p 1-9; (2020)
_wBR2023002023
856 _uhttps://www.scielo.br/j/rca/a/7KtmqYnxJ5cr6xfybhcsq5C/?format=pdf&lang=en
942 _cAnalítica
999 _c86703
_d86703